000 01231nam a2200313 i 4500
001 000046285
003 DO-SdBNP
005 20240305125107.0
007 ta
008 110303s2022 dr 000 0 spa d
020 _a9789945905182 (edición impresa)
020 _a97899459051199 (edición digital)
040 _aDO-SdBNP
_bspa
_cBNPHU
_erda
082 _a306.2
_bI59e
_222
100 1 _aFernández Spencer, Antonio,
_d1922-1995
_922525
110 _aInstituto de Investigación Social para el Desarrollo (República Dominicana)
_983389
245 1 0 _aEconomía resiliente con justicia de género en República Dominicana :
_bintervenciones para la incidencia. Encuesta de Cultura política y cambio climático en República Dominicana 2021 /
264 _aSanto Domingo :
_b Amigo del Hogar,,
_c2022.
300 _a167 paginas. :
_bilustraciones ;
_c29 cm.
336 _2rdacontent
_atexto
_btxt
337 _2rdamedia
_asin mediación
_bn
338 _2rdacarrier
_avolumen
_bnc
505 _a
590 _ainventariado, 2023 / DG
650 4 _aCultura política
_961716
_zRepública Dominicana
_xEncuestas
650 4 _aCambios climáticos
_zRepública Dominicana
_xEncuestas
_983390
910 _aDG
942 _2ddc
_cLBS1
999 _c53533
_d53533